000 00912nam a2200253 a 4500
003 BLK
005 20240730084216.0
008 190213b bu a|||gr|||| 00| 0 bu d
040 _aBLK
041 _aBUL
_cBUL
080 _aБългарска литература
_b821.163.2
_x-1
_z821.163.2-1
100 _aЯворов, Пейо Крачолов
_d1878 - 1914
_qКрачолов, Пейо Тотев
_9245003
139 _aЯворов, Пейо Крачолов
_bЯ 18
245 _aБезсъници
_bСтихове
250 _aФототип. изд
260 _9209599
_aСофия
_bПейо К. Яворов
_c1992
_n954-525-
300 _a91 с.
_bс ил.
_c29 см
380 _aX
500 _aФототипно изд. на кн. от 1906-1907 г
852 _aЦб ІІ 7746
_bЦб
942 _cKNG
_n0
_s1
944 _aCR
_c2021-01-26
_k30545
_lНора Радева
999 _c395911
_d395911
999 _d395911